Multi-Category Language Blitz Quiz Stats

Quiz Updated Aug 31, 2017

Challenge
Share
Tweet
Embed
Score 0/30 Timer 04:00
4 Plays Today
Hint Answer % Correct
Begins with PPronoun
93.4%
Four Letter LanguageNoun
85.4%
Two-Word Latin PhrasesCarpe diem
78.7%
Begins with PPossession
76.7%
Begins with PPreposition
74.5%
Acronym/Abbrev. WordsOkay
72.3%
Two-Word Latin PhrasesPost mortem
69.2%
English Words of Russian OriginVodka
68.3%
Acronym/Abbrev. WordsEmcee
67.2%
Two-Word Latin PhrasesMea culpa
64.3%
English Words of Russian OriginBeluga
64.1%
English Words of Russian OriginMammoth
63.7%
Two-Word Latin PhrasesCum laude
63.4%
EponymsDiesel
61.4%
EponymsSandwich
61.4%
Hint Answer % Correct
Begins with PPortuguese
61%
Acronym/Abbrev. WordsGulag
60.1%
Acronym/Abbrev. WordsGestapo
54.5%
EponymsLeotard
53.2%
Four Letter LanguageUrdu
50.1%
EponymsGerrymander
47.5%
Four Letter LanguageWord
44%
Acronym/Abbrev. WordsAmphetamine
42.4%
EponymsSilhouette
38.7%
English Words of Russian OriginBabushka
38.6%
Begins with PPhonetics
38.2%
Four Letter LanguageCase
36.3%
English Words of Russian OriginPogrom
30.4%
Two-Word Latin PhrasesAd hominem
30.4%
Four Letter LanguagePapa
23.9%

You're not logged in!

Compare scores with friends on all Sporcle quizzes.
Sign Up with Email
OR
Log In

You Might Also Like...

Show Comments

Extras

Top Quizzes Today


Score Distribution

Your Account Isn't Verified!

In order to create a playlist on Sporcle, you need to verify the email address you used during registration. Go to your Sporcle Settings to finish the process.